| 000 | nam a22 a 4500 | ||
|---|---|---|---|
| 999 |
_c1780 _d1780 |
||
| 003 | AKMAL | ||
| 005 | 20170511161216.0 | ||
| 008 | 170511s1997 my 00 eng d | ||
| 020 |
_a9676107646: _cRM 40.00 |
||
| 040 | _aAKMAL | ||
| 082 | 0 | 4 | _a338.9595 IND |
| 090 |
_a338.9595 _bIND |
||
| 245 | 0 | 0 |
_aIndustrialisation in Malaysia : _bsome contemporary issues / _cedited by B.N.Ghosh, Lai Yew Wah, Suresh Narayanan |
| 260 |
_aKuala Lumpur : _bUtusan Publications & Distributors , _c1997 |
||
| 300 |
_avi, 210p. ; _c23cm |
||
| 504 | _aIncludes bibliographical references | ||
| 650 |
_aIndustrialization _zMalaysia _93374 |
||
| 650 |
_aIndustrial policy _zMalaysia _93462 |
||
| 700 | 1 |
_aGhosh, B.N. _93679 |
|
| 700 | 1 |
_aLai, Yew Wah _93680 |
|
| 700 | 0 |
_aSuresh Narayanan _93681 |
|
| 942 |
_2ddc _cBOOK |
||